| 000 | 00904nas1a22002171i 4500 | ||
|---|---|---|---|
| 001 | rc\563330 | ||
| 005 | 20260407091320.0 | ||
| 035 | _a(NLR Aleph) 005813826 | ||
| 090 |
_a5410992 _c5410991 |
||
| 100 | _a20030616a19889999u |0rusy50 ca | ||
| 101 | 0 | _arus | |
| 102 | _aRU | ||
| 200 | 1 |
_aОсновные результаты научно-исследовательских работ Московского института инженеров гражданской авиации _fМоск. ин-т инженеров гражд. авиации |
|
| 210 |
_aМ. _d1988- |
||
| 300 | _aВ надзаг. также: М-во гражд. авиации | ||
| 333 | _aДСП | ||
| 710 | 0 | 2 |
_aМосковский институт инженеров гражданской авиации _3RU\NLR\AUTH\8816122 _9305368 |
| 801 | 0 |
_aRU _bNLR _gpsbo |
|
| 801 | 1 |
_aRU _bELAR _2rusmarc |
|
| 852 |
_aNLR _jП10/6606 |
||
| 942 | _cSE | ||